[Event "POL-ChT3"]
[Site "Lazy POL"]
[Date "2012.09.04"]
[Round "4"]
[White "Jaworski, Miroslaw"]
[Black "Banasik, Krzysztof"]
[Result "1/2-1/2"]
[WhiteElo "2307"]
[BlackElo "2284"]
[EventDate "2012.09.01"]

1.d4 Nf6 2.c4 e6 3.Nf3 d5 4.g3 Be7 5.Bg2 O-O 6.O-O b6 7.Nc3 Bb7 8.Ne5 Na6 
9.cxd5 exd5 10.Bg5 Ne4 11.Bxe7 Qxe7 12.Rc1 c5 13.e3 Nxc3 14.Rxc3 c4 15.b3 
f6 16.Nf3 Qb4 17.Qa1 cxb3 18.Rxb3 Qa4 19.Qb1 Qd7 20.Rc1 Rfc8 21.Bf1 Nc7 
22.Bd3 g6 23.h4 Ne8 24.Rbc3 Rxc3 25.Rxc3 Rc8 26.Rxc8 Bxc8 27.Qb3 Kf8 28.h5
g5 29.Nh2 Nd6 30.g4 h6 31.f3 Qc6 32.Nf1 f5 33.gxf5 Bxf5 34.Bxf5 Nxf5 35.
Qa3+ Kg8 36.Qxa7 Nh4 37.Qb8+ Kh7 38.Qf8 Qe6 39.Kf2 Qh3 40.Qf7+ Kh8 41.Nd2 
Qh2+ 42.Kf1 Qxd2 1/2-1/2

[Event "POL-ChT3"]
[Site "Lazy POL"]
[Date "2012.09.04"]
[Round "4"]
[White "Tustanowski, Robert"]
[Black "Obrusnik, Michal"]
[Result "1-0"]
[WhiteElo "2304"]
[BlackElo "2239"]
[EventDate "2012.09.01"]

1.e4 c5 2.Nc3 a6 3.f4 b5 4.Nf3 Bb7 5.d3 e6 6.g3 d5 7.exd5 b4 8.Ne4 Bxd5 9.
Bg2 Nf6 10.O-O Be7 11.Be3 Nbd7 12.h3 O-O 13.c4 bxc3 14.Nxc3 Rb8 15.Rf2 Ba8
16.Rc1 Nd5 17.Nxd5 Bxd5 18.b3 Bf6 19.Rfc2 Rb5 20.Qe2 Qa8 21.Nd2 Bd4 22.
Bxd4 cxd4 23.Rc4 Qa7 24.Rc7 Rb7 25.Rxb7 Qxb7 26.Rc4 Qb6 27.Bxd5 exd5 28.
Rc2 Nf6 29.Nf3 Re8 30.Qf2 Qe6 31.Kg2 Qe3 32.Rc7 Nh5 33.Nxd4 Kf8 34.Qxe3 
Rxe3 35.Nf5 Re8 36.Kf3 g6 37.Nd4 Re1 38.Kf2 Ra1 39.Nc6 Nf6 40.g4 Rc1 41.
Ke3 1-0

[Event "POL-ChT3"]
[Site "Lazy POL"]
[Date "2012.09.04"]
[Round "4"]
[White "Orzechowski, Jacek"]
[Black "Siekaniec, Jan"]
[Result "1-0"]
[WhiteElo "2228"]
[BlackElo "2159"]
[EventDate "2012.09.01"]

1.c4 Nf6 2.Nc3 g6 3.g3 Bg7 4.Bg2 O-O 5.e4 d6 6.Nge2 e5 7.O-O Re8 8.h3 Nbd7
9.d3 Nc5 10.f4 a5 11.Be3 Nfd7 12.Qd2 Ne6 13.f5 Nd4 14.g4 Nxe2+ 15.Nxe2 f6 
16.h4 Nf8 17.Rf2 Re7 18.Raf1 Bd7 19.Ng3 Rf7 20.g5 gxf5 21.Nxf5 Bxf5 22.
Rxf5 Nd7 23.Bh3 Qe7 24.h5 Rff8 25.g6 hxg6 26.hxg6 Nc5 27.Qe2 Rfe8 28.Qh5 
Bh8 29.Kh2 Nxd3 30.Rxf6 Bxf6 31.Be6+ Qxe6 32.Qh7+ 1-0

[Event "POL-ChT3"]
[Site "Lazy POL"]
[Date "2012.09.04"]
[Round "4"]
[White "Olszynski, Kazimierz"]
[Black "Helis, Tadeusz"]
[Result "0-1"]
[WhiteElo "2185"]
[BlackElo "2235"]
[EventDate "2012.09.01"]

1.e4 c5 2.Nf3 e6 3.Nc3 Nc6 4.d4 cxd4 5.Nxd4 Qc7 6.Be2 a6 7.Be3 Nf6 8.O-O 
Bb4 9.Nxc6 bxc6 10.Qd4 Be7 11.e5 Nd5 12.Nxd5 cxd5 13.c4 dxc4 14.Rac1 Bb7 
15.Rxc4 Qa5 16.Rd1 O-O 17.Qg4 Rfd8 18.b4 Qxe5 19.Bf4 Qb2 20.Bf1 Bc6 21.Qg3
g6 22.Be5 Qxa2 23.Bc3 0-1

[Event "POL-ChT3"]
[Site "Lazy POL"]
[Date "2012.09.04"]
[Round "4"]
[White "Polok, Kacper"]
[Black "Szczesniak, Konrad"]
[Result "1/2-1/2"]
[WhiteElo "2146"]
[BlackElo "2171"]
[EventDate "2012.09.01"]

1.e4 d6 2.d4 e5 3.Nf3 Nc6 4.Bb5 Bd7 5.O-O Be7 6.Bxc6 Bxc6 7.Nc3 Bf6 8.Be3 
Ne7 9.h3 O-O 10.g4 exd4 11.Nxd4 Bxd4 12.Qxd4 Ng6 13.f4 Bd7 14.f5 Ne5 15.f6
g6 16.Nd5 Re8 17.Bg5 Nc6 18.Qc3 Re5 19.Bf4 Rxe4 20.Rae1 Rxe1 21.Rxe1 Be6 
22.Ne7+ Nxe7 23.fxe7 Qxe7 24.Bh6 f6 25.g5 Re8 26.gxf6 Qf7 27.Bg5 c5 28.a3 
b6 29.Qg3 d5 30.c3 h6 31.Bxh6 Qxf6 32.Bg5 Qf5 33.Re5 Qb1+ 34.Re1 Qf5 35.
Re5 Qf7 36.Bh6 Bf5 37.h4 d4 38.cxd4 cxd4 39.Rxe8+ Qxe8 40.Bg5 d3 41.Qe3 
Be4 1/2-1/2

[Event "POL-ChT3"]
[Site "Lazy POL"]
[Date "2012.09.04"]
[Round "4"]
[White "Buksa, Ewelina"]
[Black "Cherednichenko, Elena"]
[Result "0-1"]
[WhiteElo "1533"]
[BlackElo "2160"]
[EventDate "2012.09.01"]

1.e4 e5 2.Nf3 Nc6 3.Bc4 Bc5 4.c3 Nf6 5.d3 a6 6.Bb3 Ba7 7.O-O d6 8.h3 h6 9.
Qe2 O-O 10.Be3 Be6 11.Bxe6 fxe6 12.Bxa7 Rxa7 13.d4 exd4 14.Nxd4 Qe8 15.Nd2
Nxd4 16.cxd4 Nh5 17.g3 Qg6 18.Kh2 e5 19.dxe5 dxe5 20.Nc4 Nf6 21.Rae1 Re8 
22.Nd2 Raa8 23.Qc4+ Qf7 24.Qxf7+ Kxf7 25.Nf3 Rad8 26.Re2 Rd3 27.Kg2 Ke6 
28.Rc1 c6 29.Rc5 Nd7 30.Rcc2 Rf8 31.Ne1 Rd4 32.Nf3 Rd6 33.Nh4 Nf6 34.Nf3 
g5 35.Rc5 Nd7 36.Rcc2 Rd8 37.Rc3 b6 38.b4 Nb8 39.Rec2 Rd3 40.a3 Rxc3 41.
Rxc3 Rd6 42.Ne1 Rd4 43.Re3 Nd7 44.Nf3 Rd1 45.Rc3 c5 46.Rb3 c4 47.Rc3 b5 
48.Nh2 Nb6 49.Kf3 Na4 50.Re3 c3 51.Re2 Rd3+ 52.Kg2 Rd2 53.Re1 c2 54.Rc1 
Nb2 55.Nf1 Nd3 0-1

[Event "POL-ChT3"]
[Site "Lazy POL"]
[Date "2012.09.04"]
[Round "4"]
[White "Bielinski, Dariusz"]
[Black "Plichta, Kamil"]
[Result "1-0"]
[WhiteElo "2215"]
[BlackElo "2195"]
[EventDate "2012.09.01"]

1.e4 c5 2.Nf3 g6 3.d4 cxd4 4.Nxd4 Nc6 5.c4 Nf6 6.Nc3 d6 7.Be2 Nxd4 8.Qxd4 
Bg7 9.Bg5 O-O 10.Qd2 Be6 11.Rc1 Qa5 12.b3 Rfc8 13.f3 a6 14.Nd5 Qxd2+ 15.
Kxd2 Bxd5 16.cxd5 Kf8 17.Rxc8+ Rxc8 18.Rc1 Rxc1 19.Kxc1 Nd7 20.Kc2 Be5 21.
g3 Bd4 22.b4 Bg1 23.h3 Bf2 24.g4 Ke8 25.Bd2 f6 26.b5 axb5 27.Bxb5 g5 28.
Ba5 Ba7 29.Bc7 Be3 30.Kd3 Bf2 31.e5 fxe5 32.Ke4 Kf7 33.Bxd7 Kf6 34.a4 1-0

[Event "POL-ChT3"]
[Site "Lazy POL"]
[Date "2012.09.04"]
[Round "4"]
[White "Nguyen, Piotr"]
[Black "Sroka, Janusz"]
[Result "1-0"]
[WhiteElo "2382"]
[BlackElo "2109"]
[EventDate "2012.09.01"]

1.f4 Nf6 2.Nf3 d5 3.g3 g6 4.Bg2 Bg7 5.O-O O-O 6.d3 c6 7.c3 Nbd7 8.Qe1 Qc7 
9.Nh4 e5 10.f5 Qb6+ 11.Kh1 e4 12.d4 Re8 13.b3 c5 14.dxc5 Qxc5 15.h3 b6 16.
g4 Bb7 17.Qg3 Ba6 18.Be3 Qc6 19.Qf2 Ne5 20.g5 Nh5 21.Kg1 Rac8 22.a4 Nd7 
23.Bd4 Be5 24.Bxe5 Nxe5 25.a5 Rb8 26.c4 dxc4 27.Nc3 Qc5 28.axb6 Qxf2+ 29.
Kxf2 e3+ 30.Kg1 Rxb6 31.Nd5 Reb8 32.Nxb6 Rxb6 33.Ra5 Nd3 34.bxc4 Ndf4 35.
c5 1-0

[Event "POL-ChT3"]
[Site "Lazy POL"]
[Date "2012.09.04"]
[Round "4"]
[White "Kielbratowski, Aleksander"]
[Black "Paterek, Michal"]
[Result "0-1"]
[WhiteElo "2096"]
[BlackElo "2304"]
[EventDate "2012.09.01"]

1.e4 c6 2.d3 d5 3.Nd2 g6 4.Ngf3 Bg7 5.d4 Nh6 6.e5 O-O 7.Be2 c5 8.c3 Nc6 9.
Nb3 cxd4 10.cxd4 a5 11.a4 Bf5 12.Nh4 Be4 13.f3 e6 14.g3 Bf5 15.Bd2 f6 16.
Qc1 g5 17.exf6 Bxf6 18.g4 Bg6 19.Nxg6 hxg6 20.h4 Rc8 21.Qb1 Kg7 22.h5 gxh5
23.Rxh5 Rh8 24.Bd3 Qd6 25.Kf2 Nxg4+ 26.fxg4 Rxh5 27.gxh5 Qh2+ 28.Ke1 Qh4+ 
29.Kd1 Qxh5+ 30.Be2 Qh1+ 31.Be1 Nb4 32.Nc5 Rc6 33.Bg4 Bxd4 34.Ra3 Rxc5 35.
Rh3 Qe4 36.Qxe4 dxe4 37.Bxb4 axb4 38.Rb3 Rd5 39.Ke2 Bc5 40.Bxe6 Re5 41.Bc8
Re7 42.Rh3 Rf7 43.b3 Rf2+ 44.Ke1 b6 45.Rg3 Rf8 46.Rxg5+ Kh6 47.Re5 Rxc8 
48.Rxe4 Rd8 49.Ke2 Kg6 50.Rg4+ Kf5 51.Rh4 Ke5 52.Rg4 Be7 53.Rc4 Rd5 54.Rg4
Rc5 55.Rg6 Bf6 0-1

[Event "POL-ChT3"]
[Site "Lazy POL"]
[Date "2012.09.04"]
[Round "4"]
[White "Skawinski, Arkadiusz"]
[Black "Szylko, Waldemar"]
[Result "1-0"]
[WhiteElo "2309"]
[BlackElo "2023"]
[EventDate "2012.09.01"]

1.e4 c6 2.d4 d5 3.exd5 cxd5 4.c4 Nf6 5.Nc3 e6 6.Nf3 Bb4 7.Bd2 O-O 8.cxd5 
Nxd5 9.Bd3 Nc6 10.O-O Be7 11.a3 b6 12.Nxd5 Qxd5 13.Qc2 Bb7 14.Bxh7+ Kh8 
15.Be4 Qd7 16.Rac1 Rac8 17.Qd3 Bf6 18.Ne5 1-0

[Event "POL-ChT3"]
[Site "Lazy POL"]
[Date "2012.09.04"]
[Round "4"]
[White "Kielek, Andrzej"]
[Black "Flak, Pawel"]
[Result "0-1"]
[WhiteElo "1972"]
[BlackElo "2243"]
[EventDate "2012.09.01"]

1.e4 Nf6 2.Nc3 d5 3.e5 Nfd7 4.e6 fxe6 5.d4 c5 6.Nf3 Nc6 7.Bb5 e5 8.dxe5 e6
9.Bxc6 bxc6 10.O-O Be7 11.Ne2 Qc7 12.Bf4 O-O 13.Bg3 Rb8 14.b3 Ba6 15.Re1 
Rb4 16.c4 g5 17.Qd2 Rf5 18.Nc3 Nf8 19.cxd5 cxd5 20.Nxd5 exd5 21.Qxd5+ Kg7 
22.Qd1 Ne6 23.Qc2 Rf8 24.Rad1 Qc6 25.Re3 Bb7 26.Rd6 Bxd6 27.exd6 Re4 28.
Ne5 Qd5 0-1

[Event "POL-ChT3"]
[Site "Lazy POL"]
[Date "2012.09.04"]
[Round "4"]
[White "Leszner, Liliana"]
[Black "Dziopa, Malgorzata"]
[Result "1-0"]
[WhiteElo "2068"]
[BlackElo "1792"]
[EventDate "2012.09.01"]

1.e4 e5 2.Nf3 Nf6 3.Nxe5 d6 4.Nc4 Nxe4 5.d4 d5 6.Ne3 g6 7.Bd3 Bg7 8.O-O 
O-O 9.c3 Re8 10.f3 Nf6 11.f4 b6 12.Qf3 Bb7 13.f5 Qd6 14.g4 Ne4 15.Ng2 Nc6 
16.Bf4 Qd7 17.Qh3 g5 18.Bxe4 Rxe4 19.Bxg5 f6 20.Bf4 Ne7 21.Nd2 Re2 22.Qd3 
Rxg2+ 23.Kxg2 a5 24.Rfe1 c5 25.Qe3 Kf8 26.Qe6 Qxe6 27.Rxe6 Nc6 28.Nf3 Kf7 
29.Rae1 a4 30.Rd6 Rd8 31.Rxd8 Nxd8 32.Bc7 Nc6 33.Bxb6 c4 34.Bc5 Bc8 35.Kg3
h5 36.h3 Bh6 37.Nh4 hxg4 38.hxg4 Bf8 39.Bxf8 Kxf8 40.Ng6+ Kf7 41.Rh1 Kg7 
42.Rh8 Bb7 43.Rf8 Na7 44.Rb8 Bc6 45.Ne7 Kf7 46.Nxc6 Nxc6 47.Ra8 1-0

[Event "POL-ChT3"]
[Site "Lazy POL"]
[Date "2012.09.04"]
[Round "4"]
[White "Borgula, Rafal"]
[Black "Staroszczyk, Mateusz"]
[Result "1-0"]
[WhiteElo "2306"]
[BlackElo "2024"]
[EventDate "2012.09.01"]

1.Nf3 f5 2.g3 b6 3.Bg2 Bb7 4.O-O Nf6 5.c4 e6 6.d4 Be7 7.d5 O-O 8.Ne5 exd5 
9.Nc3 Na6 10.Nxd5 Ne4 11.Nxd7 Re8 12.Ne5 Bc5 13.Nd3 Bxd5 14.cxd5 Qxd5 15.
Qa4 Qb7 16.Qc4+ Kh8 17.Nxc5 Naxc5 18.Be3 Qa6 19.Qxa6 Nxa6 20.Rac1 Rad8 21.
Rfd1 Rxd1+ 22.Rxd1 Kg8 23.Rd4 Nac5 24.b4 Ne6 25.Rc4 Nd6 26.Rc6 Kf7 27.Bd5 
Kf6 28.Bxe6 Rxe6 29.Rxc7 Nb5 30.Rd7 Rd6 31.Rb7 Nc3 32.Rxa7 Nxe2+ 33.Kg2 
Nc3 34.a4 Nd1 35.Bf4 Rd4 36.a5 Rxb4 37.Ra6 Ra4 38.Rxb6+ Kf7 39.a6 Ra2 40.
Rd6 Nc3 41.Be3 Ke7 42.Bc5 Ke8 43.Rd3 Nb5 44.Rb3 Nc7 45.a7 Kd7 46.Rb8 Kc6 
47.Bb6 Na8 48.Be3 Nc7 49.h4 g6 50.Rh8 h5 51.Rg8 Kb7 52.Rg7 1-0

[Event "POL-ChT3"]
[Site "Lazy POL"]
[Date "2012.09.04"]
[Round "4"]
[White "Krasiewicz, Robert"]
[Black "Konieczynski, Piotr"]
[Result "1-0"]
[WhiteElo "2033"]
[BlackElo "1933"]
[EventDate "2012.09.01"]

1.d4 d5 2.Nf3 Nf6 3.c4 dxc4 4.g3 e6 5.Bg2 a6 6.O-O c5 7.dxc5 Qxd1 8.Rxd1 
Bxc5 9.Ne5 Ke7 10.Nc3 Nbd7 11.Nxc4 Ra7 12.Bf4 Nh5 13.Bd2 Nb6 14.Nxb6 Bxb6 
15.Na4 Bc7 16.Bb4+ Kf6 17.Rac1 a5 18.Be7+ Kxe7 19.Rxc7+ Kf6 20.Nb6 1-0

[Event "POL-ChT3"]
[Site "Lazy POL"]
[Date "2012.09.04"]
[Round "4"]
[White "Katafiasz, Tomasz"]
[Black "Maciaga, Marcin"]
[Result "0-1"]
[WhiteElo "1881"]
[BlackElo "2197"]
[EventDate "2012.09.01"]

1.d4 Nf6 2.Nf3 d5 3.g3 e6 4.Bg2 Be7 5.O-O O-O 6.c4 dxc4 7.Ne5 Nc6 8.Nxc6 
bxc6 9.Bxc6 Rb8 10.Bg2 Bb7 11.Nc3 c5 12.dxc5 Bxc5 13.Bf4 Bxg2 14.Kxg2 Rxb2
15.Na4 Rb5 16.Rc1 Qa8+ 17.Kg1 Rd8 18.Qc2 Ba3 19.Rb1 Qc6 20.Rbd1 Rbd5 21.
Be3 c3 22.Rxd5 Nxd5 23.Bg5 f6 24.e4 fxg5 25.exd5 Rxd5 26.Qb3 c2 27.Nc3 
c1=Q 28.Rxc1 Bxc1 29.Nxd5 exd5 30.Qb8+ Kf7 31.Qxa7+ Kg6 32.Qd4 h5 33.h4 
gxh4 34.Qxh4 Bg5 35.Qh3 d4 36.g4 Qe4 37.Qxh5+ Kf6 38.Qh8 Qxg4+ 39.Kf1 Qe4 
40.Qd8+ Kg6 41.Qd6+ Kh7 0-1

[Event "POL-ChT3"]
[Site "Lazy POL"]
[Date "2012.09.04"]
[Round "4"]
[White "Sliwinski, Marcin"]
[Black "Majdan, Damian"]
[Result "1-0"]
[WhiteElo "2108"]
[BlackElo "1779"]
[EventDate "2012.09.01"]

1.e4 c6 2.d4 d5 3.f3 e6 4.Be3 Qb6 5.Qc1 Ne7 6.Bd3 Nd7 7.Ne2 c5 8.c3 Nc6 9.
O-O cxd4 10.cxd4 Nb4 11.Qd2 Nxd3 12.Qxd3 Be7 13.Nbc3 Nf6 14.e5 Nd7 15.Kh1 
a6 16.f4 Qd8 17.b3 Nb8 18.Rf3 Nc6 19.Raf1 g6 20.g4 b5 21.f5 exf5 22.gxf5 
Bxf5 23.Rxf5 gxf5 24.Qxf5 Qd7 25.Qxf7+ Kd8 26.e6 Qe8 27.Qf5 Rf8 28.Qxd5+ 
Kc7 29.Rc1 Rc8 30.Qe4 Bd6 31.d5 Qh5 32.Bf4 Qf5 33.e7 Nxe7 34.Qxe7+ Kb6 35.
Na4+ 1-0

[Event "POL-ChT3"]
[Site "Lazy POL"]
[Date "2012.09.04"]
[Round "4"]
[White "Maksimenko, Andrei Jr"]
[Black "Moskwinski, Tadeusz"]
[Result "1-0"]
[WhiteElo "1896"]
[BlackElo "2078"]
[EventDate "2012.09.01"]

1.e4 d6 2.d4 Nf6 3.Nc3 g6 4.h3 Bg7 5.Nf3 O-O 6.Be2 c6 7.a4 a5 8.O-O Na6 9.
Bxa6 Rxa6 10.Bf4 Nd7 11.e5 Nb6 12.Ne4 Nd5 13.Bh2 Bf5 14.Ng3 dxe5 15.Nxf5 
gxf5 16.Nxe5 Nf6 17.c3 Ne4 18.Re1 Qd5 19.Qc2 e6 20.Nd3 Ra7 21.Nf4 Qd8 22.
Rad1 b6 23.Rd3 Qh4 24.Qe2 h6 25.Qf3 Kh7 26.Rxe4 fxe4 27.Qxe4+ f5 28.Qxc6 
Qf6 29.Nh5 Qf7 30.Nxg7 Qxg7 31.Be5 Qd7 32.Qxb6 Rg8 33.Rg3 Rxg3 34.Bxg3 Rb7
35.Qxa5 Rxb2 36.Be5 Qe8 37.c4 Kg6 38.c5 Rc2 39.Qa7 Qg8 40.Qb6 Qa8 41.a5 
Qe8 42.a6 1-0

[Event "POL-ChT3"]
[Site "Lazy POL"]
[Date "2012.09.04"]
[Round "4"]
[White "Andrzejewska, Anna"]
[Black "Weglarz, Joanna"]
[Result "0-1"]
[WhiteElo "1990"]
[BlackElo "2007"]
[EventDate "2012.09.01"]
[PlyCount "82"]

1.e4 c5 2.Nf3 Nc6 3.d4 cxd4 4.Nxd4 e5 5.Nb5 d6 6.N1c3 a6 7.Na3 Nf6 8.Bg5 
Be6 9.Bxf6 Qxf6 10.Nd5 Qd8 11.c3 Be7 12.Nc4 Bg5 13.Nxd6+ Qxd6 14.Nf6+ Ke7 
15.Nd5+ Bxd5 16.exd5 Na7 17.Qg4 Bf6 18.O-O-O Rhd8 19.Kb1 Qc5 20.Qe4 Kf8 
21.c4 Kg8 22.Bd3 g6 23.h4 Qd4 24.Qe2 Qb6 25.h5 Bg7 26.hxg6 hxg6 27.Rh3 
Rac8 28.Rdh1 e4 29.Bxe4 Rxc4 30.Rb3 Rb4 31.Rhh3 Nc8 32.Rxb4 Qxb4 33.Bxg6 
Qd6 34.Be4 Ne7 35.Rh5 Rc8 36.a3 b5 37.Rg5 b4 38.a4 Qf4 39.Rg4 Qc1+ 40.Ka2 
b3+ 41.Ka3 Rb8 0-1

[Event "POL-ChT3"]
[Site "Lazy POL"]
[Date "2012.09.04"]
[Round "4"]
[White "Janczarski, Michal"]
[Black "Matuszewski, Michal"]
[Result "1-0"]
[WhiteElo "2306"]
[BlackElo "2368"]
[EventDate "2012.09.01"]

1.c4 b6 2.Nc3 Bb7 3.e4 e6 4.Nf3 Bb4 5.Qc2 Na6 6.d4 Bxc3+ 7.bxc3 c5 8.d5 
Qe7 9.Bg5 f6 10.Be3 Nh6 11.Bxh6 gxh6 12.Be2 Rg8 13.O-O Nc7 14.Rfe1 O-O-O 
15.Bf1 f5 16.Qd1 Ne8 17.exf5 Qd6 18.Ne5 Rg7 19.fxe6 dxe6 20.Qh5 Rg5 21.Qe2
Rf5 22.g3 Ng7 23.Bh3 Rf6 24.dxe6 Nxe6 25.Nf7 Qxg3+ 1-0

[Event "POL-ChT3"]
[Site "Lazy POL"]
[Date "2012.09.04"]
[Round "4"]
[White "Tobolski, Jakub"]
[Black "Chomczyk, Marek"]
[Result "0-1"]
[WhiteElo "2089"]
[BlackElo "1876"]
[EventDate "2012.09.01"]

1.d4 d5 2.c4 e6 3.Nf3 Nf6 4.e3 Be7 5.b3 O-O 6.Bb2 b6 7.Nbd2 Bb7 8.Bd3 Nbd7
9.Qc2 c5 10.Rc1 Rc8 11.Qb1 h6 12.O-O Bd6 13.h3 Qe7 14.Ne5 cxd4 15.exd4 Bb4
16.Rfd1 Ba3 17.Re1 Bxb2 18.Qxb2 Nxe5 19.dxe5 Nd7 20.Re3 Qg5 21.Nf3 Qe7 22.
Bb1 dxc4 23.bxc4 Rc5 24.Qc2 g6 25.Qd2 Bxf3 26.Rxf3 Nxe5 27.Rfc3 Qh4 28.f4 
Rd8 29.Qe3 Nc6 30.Be4 Qf6 31.Kh1 Na5 32.f5 exf5 33.Bd5 Kg7 34.g4 fxg4 35.
R1c2 Qf1+ 36.Kh2 Qxh3+ 37.Qxh3 gxh3 38.Kxh3 Nc6 39.Rf2 Rdxd5 0-1

[Event "POL-ChT3"]
[Site "Lazy POL"]
[Date "2012.09.04"]
[Round "4"]
[White "Powalka, Michal"]
[Black "Matuszczyk, Przemyslaw"]
[Result "1/2-1/2"]
[WhiteElo "1767"]
[BlackElo "2067"]
[EventDate "2012.09.01"]
[PlyCount "81"]

1.e4 c5 2.Nf3 d6 3.d4 cxd4 4.Nxd4 Nf6 5.Nc3 Nc6 6.Bg5 e6 7.Qd2 a6 8.O-O-O 
Bd7 9.f4 b5 10.Bxf6 gxf6 11.Kb1 Qb6 12.Nxc6 Bxc6 13.f5 b4 14.Ne2 Bxe4 15.
fxe6 fxe6 16.Nf4 d5 17.Qe2 Ke7 18.Rxd5 Bh6 19.Qxe4 Bxf4 20.Rd4 Bd6 21.Bc4 
Be5 22.Rd3 Ra7 23.Rh3 Qd4 24.Qxd4 Bxd4 25.Re1 Be5 26.g4 Rd7 27.Bxa6 Rd2 
28.Bc4 Rd4 29.Be2 Re4 30.Kc1 h6 31.c3 bxc3 32.bxc3 Rd8 33.Kc2 Bf4 34.Rd3 
Rxd3 35.Kxd3 Re3+ 36.Kd2 Re4+ 37.Kd3 Re3+ 38.Kd2 Re5+ 39.Kd1 Rd5+ 40.Kc2 
Bxh2 41.Bc4 1/2-1/2

[Event "POL-ChT3"]
[Site "Lazy POL"]
[Date "2012.09.04"]
[Round "4"]
[White "Wolynski, Krzysztof"]
[Black "Kowalec, Maciej"]
[Result "1-0"]
[WhiteElo "2056"]
[BlackElo "1697"]
[EventDate "2012.09.01"]

1.e4 e6 2.Nf3 d5 3.Nc3 Nf6 4.e5 Nfd7 5.d4 c5 6.dxc5 Nc6 7.Bf4 Nxc5 8.Be2 
a6 9.O-O Be7 10.a3 O-O 11.Bd3 b5 12.Ne2 Bb7 13.Ned4 Nxd4 14.Nxd4 Nxd3 15.
cxd3 Rc8 16.Qd2 Qb6 17.Be3 Bc5 18.Nb3 d4 19.Bf4 Qc6 20.f3 Bb6 21.Rfc1 Qd5 
22.Qd1 h6 23.Bg3 g5 24.Nd2 Bc7 25.Qe2 Bb8 26.Nf1 Kh7 27.Re1 Qb3 28.Rac1 
Qd5 29.Nd2 Kh8 30.Kf2 g4 31.Bh4 Rxc1 32.Bf6+ Kh7 33.Rxc1 gxf3 34.Nxf3 a5 
35.Rc2 b4 36.axb4 axb4 37.Rc4 Ba6 38.Ng5+ Kg8 39.Qh5 Bb7 40.Ne4 Kh7 41.Bg5
Bxe5 42.Rc5 Qb3 43.Rxe5 Bxe4 44.Rxe4 Qc2+ 45.Ke1 Qb1+ 46.Ke2 1-0

[Event "POL-ChT3"]
[Site "Lazy POL"]
[Date "2012.09.04"]
[Round "4"]
[White "Kowalski, Igor"]
[Black "Cichy, Kamil"]
[Result "1/2-1/2"]
[WhiteElo "1770"]
[BlackElo "1992"]
[EventDate "2012.09.01"]

1.e4 c5 2.Nf3 e6 3.b3 b6 4.Bb2 Bb7 5.d3 d6 6.Be2 Nd7 7.O-O Ngf6 8.Nbd2 Be7
9.Ne1 Qc7 10.f4 a6 11.h3 d5 12.e5 Ng8 13.Ndf3 Nh6 14.Qd2 Nf5 15.c3 Nf8 16.
d4 Ng3 17.Rf2 Ne4 18.Qe3 Nxf2 19.Kxf2 Ng6 20.Rc1 Rc8 21.g3 cxd4 22.cxd4 
Qd7 23.Rxc8+ Qxc8 24.a3 Bf8 25.Bd3 Ne7 26.g4 h5 27.Kg2 hxg4 28.hxg4 a5 29.
Qe2 g6 30.Qf1 Bh6 31.Kg3 Nc6 32.Nd2 Nb8 33.Qf2 Ba6 34.Bb1 b5 35.Bc2 b4 36.
a4 Nd7 37.Ndf3 Kd8 38.Qd2 Kc7 39.Qg2 Kb8 40.g5 Bf8 41.Bb1 Be7 42.Bc2 Rh5 
43.Bd1 Qh8 44.Ng1 Rh1 45.Nef3 Bd3 46.Nh2 Be4 47.Bf3 Bxf3 48.Ngxf3 Rb1 49.
Qc2 Rh1 50.Qg2 Rb1 1/2-1/2

[Event "POL-ChT3"]
[Site "Lazy POL"]
[Date "2012.09.04"]
[Round "4"]
[White "Krupa, Anna"]
[Black "Gluszko, Monika"]
[Result "1-0"]
[WhiteElo "1888"]
[BlackElo "1990"]
[EventDate "2012.09.01"]

1.d4 c5 2.c3 Nf6 3.Nf3 d5 4.Bf4 Qb6 5.Qc2 Nc6 6.e3 Bf5 7.dxc5 Bxc2 8.cxb6 
a6 9.Nbd2 Nd7 10.Rc1 e5 11.Nxe5 Ncxe5 12.Rxc2 Bc5 13.Be2 Bxb6 14.O-O Rc8 
15.Nf3 Nc6 16.Rd1 O-O 17.Rcd2 Nc5 18.Rxd5 Na4 19.R1d2 Rfd8 20.e4 Na5 21.
Ne5 Bc7 22.Rxd8+ Rxd8 23.Rxd8+ Bxd8 24.Bc1 b5 25.Kf1 Bc7 26.Nf3 Kf8 27.Nd4
Ke7 28.Ke1 Nb7 29.g3 Nbc5 30.f3 h5 31.Kf2 Kd7 32.b4 Ne6 33.Nxb5 Bb6+ 34.
Be3 Kc6 35.Nd4+ Nxd4 36.cxd4 Kb7 37.d5 Nc3 38.Bxb6 Kxb6 39.Bc4 1-0

[Event "POL-ChT3"]
[Site "Lazy POL"]
[Date "2012.09.04"]
[Round "4"]
[White "Joachimiak, Roman"]
[Black "Kukula, Pawel"]
[Result "0-1"]
[WhiteElo "2055"]
[BlackElo "2256"]
[EventDate "2012.09.01"]

1.d4 f5 2.Nf3 Nf6 3.c3 e6 4.e3 b6 5.Nbd2 Bb7 6.Be2 Be7 7.b3 O-O 8.Bb2 Qe8 
9.Nf1 Ne4 10.Ng3 Bf6 11.Bd3 d5 12.Qe2 c6 13.Nd2 c5 14.f3 Nxd2 15.Qxd2 Nc6 
16.O-O g6 17.Ne2 e5 18.e4 dxe4 19.fxe4 f4 20.d5 Nd8 21.c4 Bc8 22.b4 Nb7 
23.a3 g5 24.Rae1 Bg7 25.Kh1 Rf6 26.Rf2 Bd7 27.Bc3 Qe7 28.Ng1 Rh6 29.Ne2 
Rf8 30.g3 f3 31.Nc1 g4 32.Qb2 Rg6 33.Bf1 h5 34.Nd3 Re8 35.bxc5 Nxc5 36.Bb4
h4 37.Kg1 Rh6 38.Bd2 Nxd3 39.Bxd3 hxg3 40.hxg3 Rh3 41.Rb1 Rxg3+ 0-1

[Event "POL-ChT3"]
[Site "Lazy POL"]
[Date "2012.09.04"]
[Round "4"]
[White "Krainski, Aleksander"]
[Black "Markowski, Piotr"]
[Result "0-1"]
[WhiteElo "2244"]
[BlackElo "2174"]
[EventDate "2012.09.01"]

1.Nf3 d5 2.d4 Nf6 3.e3 g6 4.c4 Bg7 5.Nc3 O-O 6.cxd5 Nxd5 7.Bc4 Nb6 8.Bb3 
Nc6 9.O-O e5 10.dxe5 Nxe5 11.Nxe5 Bxe5 12.e4 Qh4 13.f4 Bg4 14.Qe1 Qxe1 15.
Rxe1 Bxc3 16.bxc3 Rfe8 17.f5 Bxf5 18.Bf4 Bxe4 19.Bxc7 Rac8 20.Bg3 Rxc3 21.
Rad1 Rcc8 22.Rd4 Bf5 23.Rxe8+ Rxe8 24.a4 Re3 25.Rb4 Re4 26.Rb5 Bd7 27.Ra5 
0-1

[Event "POL-ChT3"]
[Site "Lazy POL"]
[Date "2012.09.04"]
[Round "4"]
[White "Kozlowski, Tomasz"]
[Black "Pacuszka, Tomasz"]
[Result "0-1"]
[WhiteElo "1947"]
[BlackElo "2273"]
[EventDate "2012.09.01"]

1.e4 d6 2.d4 e5 3.Nf3 Nd7 4.Bc4 c6 5.dxe5 dxe5 6.c3 Qc7 7.a4 Nc5 8.Ng5 Nf6
9.b4 Ncd7 10.O-O Be7 11.f4 O-O 12.a5 exf4 13.Bxf4 Ne5 14.Nd2 Bd6 15.Bxe5 
Bxe5 16.Ndf3 Bg4 17.Qb3 Bh5 18.h3 Rae8 19.Rfe1 Bg3 20.Re2 Bf4 21.g4 Bg6 
22.e5 Bxg5 23.Nxg5 Rxe5 0-1

[Event "POL-ChT3"]
[Site "Lazy POL"]
[Date "2012.09.04"]
[Round "4"]
[White "Krainski, Slawomir"]
[Black "Wojtkowski, Pawel"]
[Result "1-0"]
[WhiteElo "2029"]
[BlackElo "1963"]
[EventDate "2012.09.01"]

1.b3 d5 2.Bb2 Bf5 3.Nf3 Nf6 4.c4 e6 5.g3 Nbd7 6.Bg2 h6 7.O-O Bd6 8.d3 O-O 
9.Nbd2 c6 10.e4 Bg4 11.h3 Bxf3 12.Nxf3 Qc7 13.Qe2 dxe4 14.dxe4 e5 15.Rad1 
Rfe8 16.Nh4 Rad8 17.Nf5 Bf8 18.Bc1 Nc5 19.b4 Ne6 20.c5 b6 21.cxb6 axb6 22.
Qc4 c5 23.b5 Nd4 24.Ne3 Qa7 25.Rd2 Qa5 26.a4 Ra8 27.Ra2 Qa7 28.Bd2 Qc7 29.
Rb1 Qb7 30.Nd5 Nxd5 31.exd5 Bd6 32.a5 Reb8 33.a6 Qd7 34.Be3 Nf5 35.Bd2 Nd4
36.Be3 Nf5 37.Qg4 Ra7 38.Bf1 Re8 39.Bc4 e4 40.Re1 Nd4 41.Qxd7 Nf3+ 42.Kf1 
Rxd7 43.a7 Ra8 44.Rea1 Be5 45.Bxc5 bxc5 46.b6 Bxa1 47.Kg2 Be5 48.Bb5 Rxd5 
49.Bc6 Rdd8 50.Bxe4 Nd4 51.Bxa8 Rxa8 52.b7 Rxa7 53.Rxa7 Nc6 54.Ra6 Nb8 55.
Ra5 Bd6 56.Kf3 Kf8 57.Ke4 Ke7 58.Kd5 Kd7 59.Ra1 Kc7 60.Rb1 Nc6 61.Rb5 Nb4+
62.Kc4 Na6 63.Kd5 Nb4+ 64.Kc4 Kb8 65.f4 f6 66.g4 Bxf4 67.Kxc5 Na6+ 68.Kc6 
Ka7 69.Ra5 Be5 70.Kb5 Kxb7 71.Rxa6 Bd4 72.Rd6 Be5 73.Rd7+ Kc8 74.Rxg7 1-0

[Event "POL-ChT3"]
[Site "Lazy POL"]
[Date "2012.09.04"]
[Round "4"]
[White "Skrzypczak, Michal"]
[Black "Sciborowski, Miroslaw"]
[Result "0-1"]
[WhiteElo "1990"]
[BlackElo "2063"]
[EventDate "2012.09.01"]

1.e4 d5 2.exd5 Qxd5 3.Nc3 Qa5 4.d4 Nf6 5.Bc4 Bf5 6.Ne2 e6 7.Ng3 c6 8.O-O 
Bd6 9.a3 Bg6 10.Qe2 O-O 11.Nce4 Be7 12.Ng5 Nd5 13.h4 Bf6 14.c3 Nd7 15.Kh1 
Qd8 16.f4 h6 17.h5 Bf5 18.Nxf5 exf5 19.Nf3 Re8 20.Qc2 N7b6 21.Ba2 Re4 22.
g3 Be7 23.Bd2 Nf6 24.Rae1 Nxh5 25.Kg2 Nf6 26.Bc1 c5 27.Nd2 Rxe1 28.Rxe1 
cxd4 29.Qxf5 dxc3 30.bxc3 Bxa3 31.Nf3 Bxc1 32.Rxc1 Qc8 33.Qe5 Qc6 34.Rc2 
Re8 35.Qf5 Re3 36.Rf2 Rxc3 37.g4 Nbd5 38.Kg1 Ne7 39.Qa5 b6 40.Bxf7+ Kf8 
41.Qa2 Rxf3 42.Rc2 Qd7 43.Be6 Qd4+ 44.Kg2 Qxf4 0-1

[Event "POL-ChT3"]
[Site "Lazy POL"]
[Date "2012.09.04"]
[Round "4"]
[White "Filipek, Halina"]
[Black "Kozlowska, Marzena"]
[Result "0-1"]
[WhiteElo "1760"]
[BlackElo "1913"]
[EventDate "2012.09.01"]
[PlyCount "88"]

1.d4 g6 2.Nf3 Bg7 3.c3 d6 4.Bf4 Nd7 5.e3 e5 6.Bg3 Qe7 7.Be2 h5 8.h3 Nh6 9.
dxe5 dxe5 10.Qa4 O-O 11.Nbd2 Nf5 12.Bh2 a6 13.Qa5 c5 14.Bd3 b6 15.Qa4 Nd6 
16.Ne4 b5 17.Qd1 Nb7 18.Nfd2 f5 19.Ng3 c4 20.Bc2 Nbc5 21.O-O h4 22.Nh1 Bb7
23.Nf3 g5 24.Ne1 Rf6 25.Qe2 Raf8 26.Rd1 Rg6 27.f3 Qe6 28.Nf2 Nf6 29.Rd2 
Rh6 30.Qd1 Nfd7 31.b4 cxb3 32.axb3 Nb6 33.b4 Nca4 34.Bb3 Nc4 35.Bxc4 Qxc4 
36.Rd7 Nxc3 37.Qd3 Qxd3 38.Nexd3 Bc8 39.Rc7 Ne2+ 40.Kh1 Ng3+ 41.Bxg3 hxg3 
42.Nd1 Rd6 43.N1b2 Rfd8 44.Nc5 e4 0-1